000 01110cam a2200277 i 4500
003 IT-RoINE
005 20220531104511.0
008 050107s2004 gw r |01 | ger d
020 _a3451285304 (v. 1)
040 _aDLC
_cDLC
_dDLC
_dIT-RoINE
041 1 _ager
_alat
_hlat
111 2 _aConcilio Vaticano
_n(2º.
_d1962-1965)
_93670
245 1 4 _aDie Dokumente des Zweiten Vatikanischen Konzils :
_bKonstitutionen, Dekrete, Erklärungen : lateinisch-deutsche Studienausgabe /
_cherausgegeben von Peter Hünermann.
260 _aFreiburg im Breisgau :
_aBasel :
_aWien :
_bHerder,
_c2004.
300 _aXI, 956 p. ;
_c25 cm.
336 _2rdacontent
_atext
337 _2rdamedia
_aunmediated
338 _2rdacarrier
_avolume
490 1 _aHerders theologischer Kommentar zum Zweiten Vatikanischen Konzil ;
_v1
500 _aIncluye índices.
504 _aIncluye referencias bibliográficas.
546 _aTexto en latín y traducción en alemán.
700 1 _934006
_aHünermann, Peter,
_d1929-
830 0 _aHerders theologischer Kommentar zum Zweiten Vatikanischen Konzil ;
_934007
_v1
942 _cMTS
999 _c17032
_d17032